Los Himnos Nacionales Centroamericanos como apoyo al proceso de formación de nación /

Guardado en:
Bibliografiske detaljer
Hovedforfatter: Vargas Cullell, María Clara
Format: Ukendt
Sprog:Spanish
Fag:
Tags: Tilføj Tag
Ingen Tags, Vær først til at tagge denne postø!

MARC

LEADER 000000000a22000000004500
001 008021
041 0 |a spa 
100 1 |a Vargas Cullell, María Clara 
245 1 4 |a Los Himnos Nacionales Centroamericanos como apoyo al proceso de formación de nación /   |c María Clara Vargas Cullell. 
310 |a semestral 
650 4 |a HISTORIA 
650 4 |a CANTOS NACIONALES 
650 4 |a AMERICA CENTRAL 
650 4 |a MUSICA NACIONAL 
650 4 |a AMERICA CENTRAL 
773 0 |d San José, Costa Rica : Editorial de la Universidad de Costa Rica  |t Herencia  |g volumen 10-11, número 2-1 (1998-1999), páginas 87-104 
942 |c ARC 
999 |c 14799  |d 14799